000 00579nam a2200205Ia 4500
005 20250923145103.0
008 008 250917s9999 xx 000 0 eng d
037 _aTextual
040 _aDSWL
_beng
_cDSWL
041 _aeng
_2eng
084 _aT4:89S(YX), N67
_qDSWL
100 _aPettes, Donothy E.
_9831662
245 0 _aSupervision in social work
_cby Donothy E. Pettes
260 _aLondon
_bAllen & Unwin
_c1967
300 _a172 p.
365 _aINR
_b30
925 _g30
942 _cTEXL
_hT4:89S(YX), N67
999 _c1446920
_d1446920